[Event "Uljanovsk Privolje op"]
[Site "Uljanovsk"]
[Date "2009.02.03"]
[Round "6"]
[White "Mikheev, Dmitry"]
[Black "Sadykov, Rustem"]
[Result "1-0"]
[WhiteElo "2043"]
[BlackElo "2121"]
[PlyCount "117"]
[EventDate "2009.01.31"]
[EventType "swiss"]
[EventRounds "9"]
[EventCountry "RUS"]
[SourceTitle "EXT 2022"]
[Source "ChessBase"]
[SourceDate "2021.10.06"]
[SourceVersion "1"]
[SourceVersionDate "2021.10.06"]
[SourceQuality "1"]

1. d4 d5 2. Nf3 Nf6 3. Bg5 Ne4 4. Bh4 c5 5. e3 Nc6 6. c3 g6 7. Nbd2 Nxd2 8. Qxd2 Bg7 9. dxc5 0-0 10. Be2 Qa5 11. 0-0 Qxc5 12. Rfd1 Rd8 13. Nd4 h6 14. f4 Qd6 15. Bf3 a6 16. Nb3 Be6 17. Bg3 f5 18. Qe2 Qc7 19. Rd2 Rd6 20. Rad1 Rad8 21. Bh4 Bf7 22. h3 Bf6 23. Bxf6 exf6 24. g4 fxg4 25. hxg4 Qe7 26. Rd3 Kg7 27. Qd2 f5 28. Qg2 Kh7 29. Kf2 Re8 30. Rh1 fxg4 31. Qxg4 Be6 32. Qh4 Qxh4+ 33. Rxh4 Red8 34. Rh1 Bf5 35. Rd2 Ne7 36. Rhd1 R6d7 37. Nd4 Be4 38. Ne6 Bxf3 39. Kxf3 Re8 40. Nc5 Rc7 41. Nd3 a5 42. Ne5 Rf8 43. c4 dxc4 44. Rd7 Rfc8 45. Nxc4 Kg8 46. Nb6 Rxd7 47. Rxd7 Re8 48. Rxb7 Nf5 49. Nd5 Nd6 50. Rd7 Re6 51. Nc7 Rf6 52. e4 Nc4 53. Rd5 Nxb2 54. Rxa5 Nd3 55. Nd5 Rf7 56. Ke3 Ne1 57. Ra6 Ng2+ 58. Kf3 Nxf4 59. Nf6+ 1-0

[Event "Uljanovsk Privolje op"]
[Site "Uljanovsk"]
[Date "2009.01.31"]
[Round "2"]
[White "Babaev, Pavel"]
[Black "Sadykov, Rustem"]
[Result "0-1"]
[WhiteElo "1907"]
[BlackElo "2121"]
[PlyCount "64"]
[EventDate "2009.01.31"]
[EventType "swiss"]
[EventRounds "9"]
[EventCountry "RUS"]
[SourceTitle "EXT 2022"]
[Source "ChessBase"]
[SourceDate "2021.10.06"]
[SourceVersion "1"]
[SourceVersionDate "2021.10.06"]
[SourceQuality "1"]

1. e4 e6 2. d4 d5 3. Nc3 Bb4 4. e5 c5 5. a3 Bxc3+ 6. bxc3 Ne7 7. f4 Qc7 8. Nf3 Bd7 9. Bd3 c4 10. Be2 Ba4 11. 0-0 Nbc6 12. Nh4 g6 13. g3 0-0-0 14. Ng2 Rdf8 15. Ne3 h5 16. Bd2 Nf5 17. Qb1 Qe7 18. Nd1 Qc7 19. Nb2 Bb5 20. a4 Ba6 21. Ra2 Ncxd4 22. cxd4 Nxd4 23. Bxc4 dxc4 24. c3 Nf5 25. Nd1 b6 26. Qb4 Qc6 27. Ne3 h4 28. g4 Nxe3 29. Bxe3 Bb7 30. Re2 Rd8 31. Bd4 h3 32. a5 Rh4 0-1

[Event "Moscow Aeroflot op-B"]
[Site "Moscow"]
[Date "2005.02.20"]
[Round "6"]
[White "Beshukov, Sergei"]
[Black "Sadykov, Rustem"]
[Result "1/2-1/2"]
[WhiteElo "2466"]
[BlackElo "2409"]
[PlyCount "70"]
[EventDate "2005.02.15"]
[EventType "swiss"]
[EventRounds "9"]
[EventCountry "RUS"]
[SourceTitle "EXT 2006"]
[Source "ChessBase"]
[SourceDate "2005.11.24"]
[SourceVersion "1"]
[SourceVersionDate "2005.11.24"]
[SourceQuality "1"]

1. Nf3 Nf6 2. g3 b6 3. Bg2 Bb7 4. 0-0 e6 5. d3 d5 6. Nbd2 Nbd7 7. c3 Be7 8. Qc2 0-0 9. Rd1 c5 10. e4 Qc7 11. Re1 c4 12. e5 cxd3 13. Qxd3 Ne4 14. Qc2 Nxe5 15. Nxe5 Qxe5 16. Nxe4 dxe4 17. Bf4 Qf5 18. Bxe4 Bxe4 19. Qxe4 Qxe4 20. Rxe4 Rfd8 21. Kf1 Rd5 22. Ra4 a5 23. c4 Rd7 24. Be3 Rb8 25. Rc1 f6 26. Ke2 Kf7 27. b3 Rc7 28. c5 Bxc5 29. Bxc5 Rbc8 30. Rac4 Rxc5 31. Rxc5 bxc5 32. Kd3 Ke7 33. Kc4 Kd6 34. Re1 Rb8 35. a3 g5 1/2-1/2

[Event "Moscow Aeroflot op-B"]
[Site "Moscow"]
[Date "2005.02.15"]
[Round "1"]
[White "Sadykov, Rustem"]
[Black "Savchenko, Boris"]
[Result "0-1"]
[WhiteElo "2409"]
[BlackElo "2484"]
[PlyCount "56"]
[EventDate "2005.02.15"]
[EventType "swiss"]
[EventRounds "9"]
[EventCountry "RUS"]
[SourceTitle "EXT 2006"]
[Source "ChessBase"]
[SourceDate "2005.11.24"]
[SourceVersion "1"]
[SourceVersionDate "2005.11.24"]
[SourceQuality "1"]

1. e4 c5 2. Nf3 g6 3. d4 cxd4 4. Nxd4 Bg7 5. Nc3 Nc6 6. Be3 Nf6 7. Bc4 0-0 8. Bb3 a5 9. f3 d5 10. exd5 Nb4 11. 0-0 Nbxd5 12. Nxd5 Nxd5 13. Bxd5 Qxd5 14. c3 b5 15. Nb3 Qc4 16. Qe1 Bf5 17. Rf2 e5 18. Rd1 Rfc8 19. Rfd2 a4 20. Nc1 b4 21. cxb4 Bc2 22. b3 axb3 23. axb3 Qb5 24. Rd5 Qb8 25. R1d2 Qxb4 26. Bc5 Rxc5 27. Rd8+ Bf8 28. Rxa8 Rd5 0-1

[Event "Cheliabinsk"]
[Site "Cheliabinsk"]
[Date "2004.09.??"]
[Round "?"]
[White "Dvoirys, Semen I"]
[Black "Sadykov, Rustem"]
[Result "1-0"]
[WhiteElo "2615"]
[BlackElo "2408"]
[PlyCount "111"]
[EventDate "2004.09.??"]
[EventType "tourn"]
[EventRounds "11"]
[EventCountry "RUS"]
[EventCategory "7"]
[SourceTitle "EXT 2006"]
[Source "ChessBase"]
[SourceDate "2005.11.24"]
[SourceVersion "1"]
[SourceVersionDate "2005.11.24"]
[SourceQuality "1"]

1. Nf3 Nf6 2. c4 c6 3. b3 d5 4. Bb2 Bf5 5. g3 e6 6. Bg2 Be7 7. 0-0 0-0 8. d3 h6 9. Nbd2 Nbd7 10. Rc1 Bh7 11. Rc2 a5 12. a3 Bd6 13. Qa1 Qe7 14. Bh3 Rad8 15. Re1 Rfe8 16. cxd5 exd5 17. Nd4 Bxd3 18. Rxc6 bxc6 19. Nxc6 Qf8 20. Nxd8 Bxe2 21. Nc6 Bg4 22. Rxe8 Qxe8 23. Bf1 Bc7 24. Bd4 Qe6 25. Qc3 Qe1 26. Nxa5 Bxa5 27. Qxa5 Ne4 28. Qa8+ Kh7 29. Nxe4 dxe4 30. Qa6 Qd1 31. Qc4 Be6 32. Qc3 Bxb3 33. Bxg7 e3 34. fxe3 Bd5 35. Bd4 Qf3 36. Qc2+ Be4 37. Qg2 Qf5 38. Qh3 Qd5 39. Qh4 Ne5 40. Bxe5 Qxe5 41. Qf4 Qd5 42. a4 f5 43. Qc7+ Kg6 44. Qb6+ Kh7 45. a5 Qd1 46. Qc7+ Kg6 47. Qf4 Bb7 48. h4 Qd5 49. a6 Qh1+ 50. Kf2 Be4 51. a7 Qh2+ 52. Ke1 Qa2 53. Qd6+ Kg7 54. Qc7+ Kf6 55. Be2 Qd5 56. Bc4 1-0

[Event "Wch U20"]
[Site "Nakhchivan"]
[Date "2003.06.29"]
[Round "9"]
[White "Bachin, Vitaly"]
[Black "Sadykov, Rustem"]
[Result "1/2-1/2"]
[WhiteElo "2443"]
[BlackElo "2416"]
[PlyCount "57"]
[EventDate "2003.06.22"]
[EventType "swiss"]
[EventRounds "13"]
[EventCountry "AZE"]
[SourceTitle "EXT 2004"]
[Source "ChessBase"]
[SourceDate "2003.11.25"]
[SourceVersion "1"]
[SourceVersionDate "2003.11.25"]
[SourceQuality "1"]

1. e4 c5 2. Nc3 d6 3. g3 Nc6 4. Bg2 g6 5. f4 Bg7 6. Nf3 e6 7. 0-0 Nge7 8. d3 0-0 9. Bd2 b6 10. h3 Bb7 11. g4 Qd7 12. Rb1 f5 13. Ne2 e5 14. gxf5 gxf5 15. Nh4 d5 16. exf5 Nxf5 17. Nxf5 Rxf5 18. Ng3 Rf7 19. Qh5 Raf8 20. fxe5 Nxe5 21. Bh6 Bxh6 22. Qxh6 Nf3+ 23. Kh1 Qc7 24. Rxf3 Rxf3 25. Bxf3 Rxf3 26. Re1 d4 27. Ne4 Rf2 28. Qe6+ Kf8 29. Qh6+ 1/2-1/2

[Event "Asia-ch 4th"]
[Site "Doha"]
[Date "2003.02.24"]
[Round "3"]
[White "Saleh, Nabil"]
[Black "Sadykov, Rustem"]
[Result "0-1"]
[WhiteElo "2324"]
[BlackElo "2412"]
[PlyCount "46"]
[EventDate "2003.02.22"]
[EventType "swiss"]
[EventRounds "9"]
[EventCountry "QAT"]
[SourceTitle "CBM 094"]
[Source "ChessBase"]
[SourceDate "2003.05.26"]
[SourceVersion "1"]
[SourceVersionDate "2003.05.26"]
[SourceQuality "1"]

1. d4 d5 2. Nf3 Nf6 3. c4 c6 4. Qc2 dxc4 5. Qxc4 Bf5 6. Nc3 e6 7. g3 Nbd7 8. Bg2 Bd6 9. 0-0 0-0 10. e3 h6 11. Qe2 e5 12. dxe5 Nxe5 13. Nxe5 Bxe5 14. e4 Bg4 15. f3 Be6 16. Be3 Qa5 17. f4 Bxc3 18. bxc3 Qxc3 19. Rac1 Qa5 20. f5 Bd7 21. Qb2 Rfe8 22. Qxb7 Reb8 23. Rc5 Qa3 0-1

[Event "Wch U20 41st"]
[Site "Goa"]
[Date "2002.12.12"]
[Round "6"]
[White "Sadykov, Rustem"]
[Black "Poobesh Anand, Selvaraj"]
[Result "1/2-1/2"]
[WhiteElo "2400"]
[BlackElo "2351"]
[PlyCount "79"]
[EventDate "2002.12.09"]
[EventType "swiss"]
[EventRounds "13"]
[EventCountry "IND"]
[SourceTitle "CBM 091 Extra"]
[Source "ChessBase"]
[SourceDate "2003.01.09"]
[SourceVersion "1"]
[SourceVersionDate "2003.01.09"]
[SourceQuality "1"]

1. e4 c5 2. Nf3 Nc6 3. d4 cxd4 4. Nxd4 Nf6 5. Nc3 e5 6. Ndb5 d6 7. Bg5 a6 8. Na3 b5 9. Bxf6 gxf6 10. Nd5 f5 11. c3 Bg7 12. exf5 Bxf5 13. Nc2 Ne7 14. Nce3 Be6 15. g3 Nxd5 16. Nxd5 0-0 17. Bg2 a5 18. 0-0 Rb8 19. Qd2 f5 20. Rad1 Kh8 21. a3 Qd7 22. Kh1 Qf7 23. f4 e4 24. Rf2 Rbc8 25. g4 b4 26. axb4 Bxd5 27. Qxd5 Qxd5 28. Rxd5 axb4 29. gxf5 bxc3 30. bxc3 e3 31. Re2 Rxc3 32. Be4 Rg8 33. Kg2 Bh6+ 34. Kf3 Rg1 35. Rxd6 Rf1+ 36. Kg2 Rxf4 37. Rxh6 Rxe4 38. Kf3 Re8 39. Rh4 Rc1 40. Re4 1/2-1/2